00911 2200313 4500001002100000005001500021035002000036007000300056008004100059020002200100082001600122084001800138100002700156245005300183250003600236300003900272650003000311650001600341504003100357264003500388336002100423337003000444338002300474040002200497090002200519850001200541999002200553990002200575INLIS00000000087143520220802092827 a0010-0822000040ta220802s2022 yoia g | ind d a978-623-6433-67-604223a006.312 a006.312 ANI d0 aAnis ZubairePengarang10aData mining :bmenggunakan orange /cAnis Zubair aEdisi Pertama: Cetakan I - 2022 axii, 79 halaman :bgambar ;c24 cm 4aOrange (Program komputer) 4aData mining aBibliografi: halaman 77-7931aYogyakarta :bTeknosain,c2022 2rdacontentateks 2rdamediaatanpa perantara 2rdacarrieravolume aYOPDYOGbinderda aCB-D.11 2022-0410 aYOPDYOG aCB-D.11/2022-0410 aCB-D.11/2022-0410